| 000 | 00492nam a2200157Ia 4500 | ||
|---|---|---|---|
| 003 | OSt | ||
| 005 | 20200213101837.0 | ||
| 008 | 190216s9999||||xx |||||||||||||| ||und|| | ||
| 040 | _coclc | ||
| 082 |
_a954.83 _bAZE/F |
||
| 100 |
_aAzeez, Quazi Muhamadbin Abdul _91952 |
||
| 245 | 0 |
_aFathuhul Mubeen Paribhasha / _cQuazi Muhamadbin Abdul Azeez |
|
| 260 |
_bAlhuda Book Stall, _aKozhikode: |
||
| 650 | _xIslamic History | ||
| 942 |
_cBK _2ddc _h954.83 _iAZE/F _k954.83 _mAZE/F |
||
| 999 |
_c23001 _d23001 |
||